Les 100 plus gros succés au box office aux Etats-Unis - Statistiques

Statistiques générales
  • Ce quiz a été pris 178 fois
  • Le résultat moyen est 29 sur 100
Statistiques - réponses
Recette Film % Correct
600 743 440 $ Titanic
85%
749 766 139 $ Avatar
79%
623 357 910 $ Avengers
66%
403 706 375 $ Spider-Man
60%
327 481 748 $ Ca
58%
678 216 107 $ Avengers: Infinity War
53%
318 298 180 $ Iron Man
52%
459 005 868 $ Avengers : L'ère d'Ultron
50%
533 316 061 $ The Dark Knight
48%
359 197 037 $ ET L'Extra-terrestre
47%
409 013 994 $ Iron Man 3
47%
936 662 225 $ Star Wars: Le Réveil de la Force
47%
317 557 891 $ Harry Potter à l'école des sorciers
46%
312 057 433 $ Iron Man 2
46%
357 067 947 $ Jurassic Park
46%
373 377 893 $ Spider-Man 2
46%
289 994 397 $ Harry Potter et la coupe de feu
45%
336 530 303 $ Spider-Man 3
45%
334 201 140 $ Spider-Man: Homecoming
45%
261 988 482 $ Harry Potter et la chambre des secrets
44%
377 019 252 $ Le Seigneur des anneaux: Le Retour du roi
43%
620 181 382 $ Star Wars: Les derniers Jedi
43%
262 030 663 $ The Amazing Spider-Man
43%
301 956 980 $ Harry Potter et le Prince de sang-mêlé
42%
295 001 070 $ Harry Potter et les reliques de la mort - partie 1
42%
381 011 219 $ Harry Potter et les reliques de la mort - partie 2
42%
307 263 857 $ La Guerre des étoiles
42%
431 065 444 $ La Menace fantôme
42%
313 364 114 $ Le Seigneur des anneaux: La Communauté de l'anneau
42%
339 789 881 $ Le Seigneur des anneaux: Les Deux tours
42%
292 000 866 $ Harry Potter et l'Ordre du Phénix
41%
380 262 555 $ La Revanche des Sith
41%
532 177 324 $ Rogue One: A Star Wars Story
41%
448 139 099 $ The Dark Knight Rises
41%
700 059 566 $ Black Panther
40%
302 191 252 $ L'Attaque des clones
39%
652 270 625 $ Jurassic World
38%
400 738 009 $ La Reine des neiges
37%
315 058 289 $ Thor : Ragnarok
37%
330 360 194 $ Batman v Superman : L’Aube de la Justice
36%
408 084 349 $ Captain America: Civil War
36%
409 656 475 $ Jurassic World: Fallen Kingdom
36%
312 855 561 $ Le Roi lion
36%
415 004 880 $ Toy Story 3
33%
291 045 518 $ Man of Steel
32%
408 010 692 $ Hunger Games
30%
351 032 910 $ Fast & Furious 7
28%
292 485 544 $ Inception
28%
339 714 367 $ Le Monde de Nemo
26%
305 411 224 $ Pirates des Caraïbes, la malédiction du Black Pearl
26%
267 652 016 $ Shrek
26%
319 014 499 $ Transformers
26%
337 135 885 $ Hunger Games - La Révolte : Partie 1
25%
281 723 902 $ Hunger Games – La Révolte : Partie 2
25%
309 404 152 $ Pirates des Caraïbes, jusqu'au bout du monde
25%
424 668 047 $ Hunger Games - L'embrasement
24%
423 271 331 $ Pirates des Caraïbes, le secret du coffre maudit
24%
441 226 247 $ Shrek 2
24%
304 360 277 $ Skyfall
24%
317 011 114 $ Indiana Jones et le Royaume du crane de cristal
23%
589 771 988 $ Les Indestructibles 2
22%
412 563 408 $ Wonder Woman
22%
504 014 165 $ La Belle et la Bête
21%
303 003 568 $ Le Hobbit : un voyage inattendu
21%
333 147 935 $ Les Gardiens de la Galaxie
20%
389 813 101 $ Les Gardiens de la Galaxie 2
19%
320 706 665 $ Shrek Le Troisième
19%
352 390 543 $ Transformers 3 - La Face cachée de la Lune
19%
329 452 287 $ Forrest Gump
17%
486 295 561 $ Le Monde de Dory
17%
402 076 689 $ Transformers: La Revanche
17%
336 045 770 $ Les Minions
16%
363 070 709 $ Deadpool
15%
296 619 304 $ Twilight - Chapitre 2 : Tentation
15%
300 523 113 $ Twilight - Chapitre 3 : Hésitation
15%
281 287 133 $ Twilight - Chapitre 4 : révélation
15%
292 324 737 Twilight - Chapitre 5 : Révélation 2e partie
15%
356 461 711 $ Vice Versa
15%
274 092 705 $ Gravity
14%
318 125 396 $ Deadpool 2
13%
292 979 556 $ Là-haut
13%
364 001 123 $ Le Livre de la jungle
13%
341 268 248 $ Zootopie
13%
368 065 385 $ Moi, moche et méchant 2
12%
325 100 054 $ Suicide Squad
12%
404 515 480 $ Jumanji : Bienvenue dans la jungle
11%
264 624 300 $ Moi, Moche et Méchant 3
11%
281 553 689 $ Matrix Reloaded
10%
334 162 182 $ Alice au Pays des Merveilles
9%
350 126 372 $ American Sniper
9%
291 709 845 $ Le Monde de Narnia
9%
277 313 371 $ Very Bad Trip
9%
285 761 243 $ Maman, j'ai raté l'avion
7%
306 169 268 $ Independence Day
5%
368 384 330 $ Comme des bêtes
4%
370 274 604 $ La Passion du Christ
4%
268 492 764 $ Monstres Academy
3%
293 476 912 $ Sixième sens
3%
270 329 045 $ Tous en scène
2%
279 167 575 $ Mon beau-père, mes parents et moi
1%
Aucun quiz correspondant
Distribution des résultats
% des personnes avec chaque résultat
Percentile par nombre de réponses
Votre historique - résultats
Vous n’avez pas pris ce quiz